| 000 | 01341cad a2200265 4500 | ||
|---|---|---|---|
| 001 | L158435 | ||
| 008 | 100215n2015 000 0 eng u | ||
| 035 | _a(Sirsi) u158435 | ||
| 041 | _aeng | ||
| 110 | 2 |
_aRoyal Institution of Chartered Surveyors _94900 |
|
| 245 | 0 | 0 |
_aCollaborative Building Information Modelling (BIM) _bInsights from behavioural economics and incentive theory _h[electronic resource] |
| 260 |
_aLondon _bRICS _c2015 |
||
| 490 | 0 | _aRICS Research | |
| 520 | _aOutlines findings from a research project exploring the potential and pitfalls of collaboration and matching these with an analysis of BIM. Using interviews and online surveys, novel insights are applied to investigations of collaborative working and the potential of BIM as toolkits, for improving information flows and enabling collaborative working practices, particularly for lower tiers of the construction supply chain. | ||
| 650 | 2 | 4 | _aSUPPLY CHAIN PARTNERING |
| 650 | 2 | 4 | _aCOLLABORATIVE BIM |
| 650 | 2 | 4 | _aINCENTIVES |
| 651 | 4 | _aUnited Kingdom | |
| 690 |
_aBIM _96219 |
||
| 700 | 1 | _aBaddeley, Michelle | |
| 700 | 1 | _aChang, Chen-Yu | |
| 710 | 1 |
_aUniversity College London _93552 |
|
| 856 | 4 | 8 |
_uhttps://www.propertyresearchtrust.org/uploads/1/3/4/8/134819607/collaborative_bim.pdf _zAvailable from the Property Research Trust |
| 942 |
_n0 _2ddc |
||
| 999 |
_c115305 _d115305 |
||